000 01945cad a22002655a 4500
001 L146681
008 090216s2009 xxkabdof s f000 0 eng d
020 _a9780108508158
035 _a(Sirsi) u146681
041 0 _aeng
050 0 4 _a333.33 $2 18
110 2 _aUnited Kingdom
_bDepartment for Energy and Climate Change
_95697
245 0 0 _aHeat and energy saving strategy
_bconsultation
_h[electronic resource]
260 _aLondon
_bDECC
_c2009
505 2 _aHelping people change behaviour and take action -- Financing energy saving and low carbon energy -- Delivery -- Stronger incentives to move to a low carbon future -- District heating -- Combined heat and power and surplus heat -- Wider impacts -- Territorial extent and how to respond -- Annexes: consultation questions; code of practice on consultation; references
520 _aJoint consultation document from the Department for Energy and Climate Change and the Department of Communities and Local Government provides an overview on a 'whole industry' approach to heat and energy conservation in the United Kingdom. Looks at the policy steps taken to date as part of the move towards more efficient energy use and lower carbon emissions and introduces proposed changes to support the four main government aims in this area. These include reducing use, increasing use of renewables and lowering carbon emissions and the need to maintain secure and economically beneficial energy supplies for the United Kingdom.
520 _aResponses to the consultation must be received by Friday 8 May 2009.
521 _aAdvanced
590 _aKA NTK
651 4 _aUnited Kingdom
_y
690 _aENVIRONMENTAL AND LAND CONSULTANCY-ENERGY-ENERGY USE-ENERGY EFFICIENCY
710 1 _aUnited Kingdom
_bDepartment for Communities and Local Government
_94939
856 4 0 _uhttps://www.decc.gov.uk/consultations/hes.html
_zView the item free of charge at www.decc.gov.uk...
942 _n0
999 _c109254
_d109254